000 00477nam a22001577a 4500
005 20250904145755.0
008 250904b |||||||| |||| 00| 0 eng d
020 _a978-93-7473-708-8
041 _aeng
100 _aISLAM , MOHIDUL AND ALAM, DR.FARUK
_98664
245 _aPHARMACOGNOSY FOR DIPLOMA IN PHARMACY : Exclusively prepared for D.PHAR [1ST YEAR STUDENTS ]
260 _aNEW DELHI
_bAITBS PUBLISHERS INDIA
_c2026
300 _a195;P
650 _aPHARMACY
942 _cBK
999 _c8792
_d8790